000 00457nam a2200193Ia 4500
005 20250425160918.0
008 250425s9999 xx 000 0 und d
041 _aeng
082 _a621.38195
100 _aPROCEEDINGS, OF THE INTERNATION
245 0 _aCOMPUTERS IN CHEMICAL RESEARCH AND EDUCATION
250 _aS.E.
260 _aS.L.
260 _aSin Pais
_bELSE
_c1973
300 _a112
710 _aRIMISTP
942 _c01
010 _a8179
999 _c198706
_d198706